La educación popular en Francia, Bélgica y Suiza (Record no. 96990)

MARC details
000 -LEADER
campo de control de longitud fija 00467nam a2200145 i 4500
001 - NÚMERO DE CONTROL
campo de control 96990
003 - IDENTIFICADOR DE NÚMERO DE CONTROL
campo de control ES-MaACL
005 - FECHA Y HORA DE LA ÚLTIMA TRANSACCIÓN
campo de control 20230906182021.0
007 - CAMPO FIJO DE DESCRIPCIÓN FÍSICA--INFORMACIÓN GENERAL
campo de control de longitud fija t|
008 - DATOS DE LONGITUD FIJA--INFORMACIÓN GENERAL
campo de control de longitud fija 050705s1922 sp ||||1| spa d
100 1# - ENTRADA PRINCIPAL--NOMBRE DE PERSONA
Nombre de persona Manrique, Gervasio.
9 (RLIN) 76096
245 13 - MENCIÓN DEL TÍTULO
Título La educación popular en Francia, Bélgica y Suiza
Resto del título : diario de un viaje a través de Europa /
Mención de responsabilidad, etc. Gervasio Manrique.
260 ## - PUBLICACIÓN, DISTRIBUCIÓN, ETC.
Lugar de publicación, distribución, etc. Soria :
Nombre del editor, distribuidor, etc. [s.n.],
Fecha de publicación, distribución, etc. 1922 (
Fabricante Imprenta Provincial)
852 ## - LOCALIZACIÓN
Ubicación ES-MaACL
Número de control de estantería 1629-F-7
Holdings
Estatus retirado Estado de pérdida Estado de daño No para préstamo Colección Biblioteca de origen Biblioteca actual Ubicación en estantería Fecha de adquisición Fuente de adquisición Total de préstamos Signatura topográfica completa Código de barras Visto por última vez Precio de reemplazo Tipo de ítem Koha
        Colección de folletos Biblioteca del Ateneo de Madrid Biblioteca del Ateneo de Madrid Depósito folletos 17/01/2008     1629-F-7 1101254 23/02/2023 23/02/2023 Folleto